HR'S ROLE IN ACQUISITION: (Record no. 527792)

000 -LEADER
fixed length control field 00593nam a22001937a 4500
003 - CONTROL NUMBER IDENTIFIER
control field NUST
005 - DATE AND TIME OF LATEST TRANSACTION
control field 20230918163601.0
008 - FIXED-LENGTH DATA ELEMENTS--GENERAL INFORMATION
fixed length control field 190809b ||||| |||| 00| 0 eng d
038 ## - RECORD CONTENT LICENSOR
Staff Name Mr. Noman
082 ## - DEWEY DECIMAL CLASSIFICATION NUMBER
Classification number 658
100 ## - MAIN ENTRY--PERSONAL NAME
Personal name Khalid, Benish
9 (RLIN) 19231
245 ## - TITLE STATEMENT
Title HR'S ROLE IN ACQUISITION:
Remainder of title HR' S ROLE IN ACQUISITION: A CASE STUDY OF INTERNATIONAL TURNKEY SYSTEMS-KUWAIT
Statement of responsibility, etc. BENISH KHALID.
260 ## - PUBLICATION, DISTRIBUTION, ETC.
Place of publication, distribution, etc. Islamabad:
Name of publisher, distributor, etc. NBS - NUST,
Date of publication, distribution, etc. 2014.
300 ## - PHYSICAL DESCRIPTION
Extent 64 p.: ill.;
Dimensions 30cm.
500 ## - GENERAL NOTE
General note Hardcover.
650 ## - SUBJECT ADDED ENTRY--TOPICAL TERM
Topical term or geographic name entry element MBA Thesis.
9 (RLIN) 17629
700 ## - ADDED ENTRY--PERSONAL NAME
Personal name Nadia Zaheer Khan.
9 (RLIN) 19079
942 ## - ADDED ENTRY ELEMENTS (KOHA)
Source of classification or shelving scheme
Koha item type Thesis
Holdings
Withdrawn status Lost status Source of classification or shelving scheme Damaged status Not for loan Permanent Location Current Location Shelving location Date acquired Full call number Barcode Date last seen Price effective from Koha item type
          Central Library (CL) Central Library (CL) Thesis 08/09/2019 658 CL-T-2943 08/09/2019 08/09/2019 Thesis
© 2023 Central Library, National University of Sciences and Technology. All Rights Reserved.